1155 1706 1020 1444 1039 1575 1983 1402 1522 1501 1960 1674 1978 1803 1955 1842 1604 1761 1145 1274 1150 1655 1108 1549 1564 1339 1253 1342 1552 1642 1316 1616 1030 1544 1581 1361 1667 1863 1073 1405 1462 1160 1757 1947 1647 1815 1072 1884 1807 1278 1246 1118 1656 1688 1393 1366 1837 1571 1029 1902 1106 1640 1146 1281 1952 1340 1199 1110 1440 1585 1892 1688 1478 1322 1777 1183 1940 1060 1347 1038 1901 1496 1838 1955 1405 1110 1490 1025 1057 1475 1573 1716 1481 1599 1117 1126 1016 1117 1228 BCNSPRNW ULIB Ver.6.0+V

เปลี่ยนเป็นภาษาไทย

Change to English
 แสดงรายละเอียดบรรณานุกรม
  กลับหน้าหลัก

Brief Record : Get Marc (ISO 2709) : E-mail record : QR code < ปิดหน้าต่าง
LEADER : 00000nam 2200000uu 4500
001    13399124368
003     ULIB
008    150527s2557||||th 000 0 tha d
099    วจ. WM172^bศ444ค
100 0  ศิราวัลย์ เหรา, ดวงดาว เทพทองคำ, นภดล เลือดนักรบ, สุปราณี หมื่นยา, วิภาวรรณ นวลทอง และวัชราภรณ์ คำฟองเครือ
245 00 ความสัมพันธ์ระหว่างความรู้สึกเห็นคุณค่าในตนเอง การรับรู้ประโยชน์ของพฤติกรรมส่งเสริมสุขภาพกับพฤติกรรมส่งเสริมสุขภาพของผู้สุงอายุ^cนวลทอง และวัชราภรณ์ คำฟองเครือ
260    อุตรดิตถ์:^bวิทยาพยาบาลราชชนนี อุตรดิตถ์,^c2557
300    91 หน้า
650  0 ผู้สูงอายุ,^xวิจัย
650  0 ความรู้สึกเห็นคุณค่าในตนเอง,^xวิจัย
945    ^p0^l0^i039450
999    ^aเกษร โพธิ์สุวรรณ
รายการนี้ยังไม่มีแท็ก
คุณยังไม่ได้ล็อกอิน คุณสามารถมีกิจกรรมร่วมกับเว็บไซต์ได้ แต่ต้องล็อกอินก่อน ::
  ล็อกอิน

รายการสื่อสารสนเทศ

ลำดับที่ ประเภท เลขเรียก/บาร์โค้ด สถานที่ สถานะ
1. งานวิจัย
งานวิจัย
วจ. WM172 ศ444ค ฉ.1 
  Barcode: 039450
ห้องสมุดวิทยาเขตสวรรค์ประชารักษ์
►วิจัย
บนชั้น

BibComment


ยังไม่เคยถูกคอมเมนท์

คอมเมนท์ทรัพยากรรายการนี้
  คอมเมนท์: ความสัมพันธ์ระหว่..


 Copyright 2026. Bcnsprnw @Library